| 000 -LEADER |
| fixed length control field |
00566nam a22001937a 4500 |
| 008 - FIXED-LENGTH DATA ELEMENTS--GENERAL INFORMATION |
| fixed length control field |
150601b xxu||||| |||| 00| 0 eng d |
| 020 ## - INTERNATIONAL STANDARD BOOK NUMBER |
| International Standard Book Number |
0030776090 |
| 041 0# - LANGUAGE CODE |
| Language code of text/sound track or separate title |
eng |
| 080 ## - UNIVERSAL DECIMAL CLASSIFICATION NUMBER |
| Universal Decimal Classification number |
336 |
| 100 1# - Rafti |
| Rafti |
Brigham, Eugene F., |
| 245 10 - TITLE STATEMENT |
| Title |
Fundamentals of financial management / |
| Statement of responsibility, etc |
Eugene F. Brigham, Joel F. Houston. |
| 250 ## - |
| -- |
9th ed. |
| 260 ## - |
| -- |
Fort Worth, TX : |
| -- |
Harcourt College Publishers, |
| -- |
c2000. |
| 300 ## - |
| -- |
1 v. (various pagings) : |
| -- |
me il.; |
| -- |
26 cm. |
| 505 ## - |
| -- |
Index: f.I1-I13 |
| 650 #0 - |
| -- |
Financë |
| 700 1# - |
| -- |
Houston, Joel F. |
| 942 ## - ADDED ENTRY ELEMENTS (KOHA) |
| Source of classification or shelving scheme |
|
| Item type |
Books |